[Event "Lloyds Bank Masters 15th"]
[Site "London"]
[Date "1991.08.24"]
[Round "8"]
[White "Hebden, Mark L"]
[Black "Ernst, Thomas"]
[Result "1-0"]
[WhiteElo "2485"]
[BlackElo "2525"]
[PlyCount "101"]
[EventDate "1991.08.17"]
[EventType "swiss"]
[EventRounds "10"]
[EventCountry "ENG"]
[SourceTitle "BritBase"]
[Source "John Saunders"]
[SourceDate "2023.06.27"]
[SourceVersion "1"]
[SourceVersionDate "2023.06.27"]
[SourceQuality "1"]

1. d4 Nf6 2. Nf3 g6 3. Nc3 d5 4. Bf4 Bg7 5. e3 c6 6. Be2 Nbd7 7. Ne5 Nxe5 8.
Bxe5 Be6 9. g4 h6 10. Qd2 Qd7 11. f3 O-O 12. O-O-O b5 13. h4 a5 14. g5 Nh5 15.
Bxg7 Kxg7 16. Rdg1 hxg5 17. hxg5 Rh8 18. Qe1 Qd6 19. f4 a4 20. Nd1 b4 21. Rh4
c5 22. dxc5 Qxc5 23. Bd3 Rac8 24. Rg2 d4 25. f5 gxf5 26. exd4 Qd5 27. Ne3 Qxa2
28. Nxf5+ Bxf5 29. Qe5+ Kg8 30. Bxf5 a3 31. bxa3 e6 32. g6 exf5 33. gxf7+ Kxf7
34. Qxf5+ Ke7 35. Re4+ Kd8 36. Qg5+ Kc7 37. Qe7+ Kb8 38. Qxb4+ Ka8 39. Qa4+ Kb8
40. Qb5+ Ka8 41. Qa5+ Kb8 42. Qb4+ Ka8 43. Re5 Rh7 44. Rge2 Ra7 45. Rxh5 Rxa3
46. Qb2 Qxb2+ 47. Kxb2 Rac3 48. Rb5 R3c4 49. Rd2 R8c7 50. Rb3 Rb7 51. Rdd3 1-0

[Event "Lloyds Bank Masters 15th"]
[Site "London"]
[Date "1991.08.24"]
[Round "8"]
[White "Ivanov, Alexander"]
[Black "Davies, Nigel Rodney"]
[Result "1-0"]
[WhiteElo "2565"]
[BlackElo "2455"]
[PlyCount "85"]
[EventDate "1991.08.17"]
[EventType "swiss"]
[EventRounds "10"]
[EventCountry "ENG"]
[SourceTitle "BritBase"]
[Source "John Saunders"]
[SourceDate "2023.06.27"]
[SourceVersion "1"]
[SourceVersionDate "2023.06.27"]
[SourceQuality "1"]

1. e4 e5 2. Nf3 Nc6 3. Bb5 a6 4. Ba4 Nf6 5. O-O Be7 6. Re1 b5 7. Bb3 d6 8. c3
O-O 9. h3 Na5 10. Bc2 c5 11. d4 Bb7 12. d5 Nc4 13. b3 Nb6 14. Nbd2 Qd7 15. c4
b4 16. a3 a5 17. Nf1 Rfb8 18. Ng3 bxa3 19. Nf5 Bf8 20. Rxa3 a4 21. Bg5 Ne8 22.
Nd2 f6 23. Be3 axb3 24. Rxb3 Qc7 25. h4 Bc8 26. h5 Kh8 27. Qg4 Ra2 28. Bd3 Na4
29. Reb1 Rb2 30. R3xb2 Rxb2 31. Ra1 Nc3 32. Nf3 Na2 33. N3h4 Bd7 34. Bb1 Nc3
35. Bd3 Na2 36. g3 Nb4 37. Bf1 Nc2 38. Ra8 Nxe3 39. fxe3 Kg8 40. Nh6+ Kh8 41.
Ng6+ hxg6 42. Nf7+ Kg8 43. Qxg6 1-0

[Event "Lloyds Bank Masters 15th"]
[Site "London"]
[Date "1991.08.24"]
[Round "8"]
[White "Kumaran, Dharshan"]
[Black "Naumkin, Igor"]
[Result "1/2-1/2"]
[WhiteElo "2330"]
[BlackElo "2490"]
[PlyCount "79"]
[EventDate "1991.08.17"]
[EventType "swiss"]
[EventRounds "10"]
[EventCountry "ENG"]
[SourceTitle "BritBase"]
[Source "John Saunders"]
[SourceDate "2023.06.27"]
[SourceVersion "1"]
[SourceVersionDate "2023.06.27"]
[SourceQuality "1"]

1. d4 e6 2. c4 f5 3. Nc3 Bb4 4. Nf3 Nf6 5. Qb3 a5 6. e3 O-O 7. Be2 d6 8. O-O
Bxc3 9. bxc3 c5 10. Qc2 Qe7 11. Bd3 Nc6 12. Re1 e5 13. Bxf5 e4 14. Bxc8 Raxc8
15. Nd2 Rce8 16. f4 exf3 17. Nxf3 Ne4 18. Bb2 Qf7 19. Qd3 Qg6 20. Rf1 Nd8 21.
Ba3 Ne6 22. dxc5 Rxf3 23. Rxf3 N6g5 24. Rg3 dxc5 25. Bxc5 Nxg3 26. Qxg6 hxg6
27. hxg3 Rc8 28. Bd4 Rxc4 29. Rb1 Rc7 30. Rb5 Ne4 31. Rxa5 Nxg3 32. Ra3 Rf7 33.
Rb3 g5 34. Rb5 Ne2+ 35. Kh2 g4 36. Rg5 g3+ 37. Kh3 Kh7 38. Rb5 Kh6 39. Kg4 g6
40. Rb2 1/2-1/2

[Event "Lloyds Bank Masters 15th"]
[Site "London"]
[Date "1991.08.24"]
[Round "8"]
[White "Lev, Ronen"]
[Black "Timoscenko, Gennadij A"]
[Result "1-0"]
[WhiteElo "2425"]
[BlackElo "2505"]
[PlyCount "83"]
[EventDate "1991.08.17"]
[EventType "swiss"]
[EventRounds "10"]
[EventCountry "ENG"]
[SourceTitle "BritBase"]
[Source "John Saunders"]
[SourceDate "2023.06.27"]
[SourceVersion "1"]
[SourceVersionDate "2023.06.27"]
[SourceQuality "1"]

1. d4 Nf6 2. c4 g6 3. Nc3 Bg7 4. e4 d6 5. f3 O-O 6. Be3 Nc6 7. Qd2 a6 8. Nge2
Rb8 9. a3 Bd7 10. b4 b5 11. cxb5 axb5 12. d5 Ne5 13. Nd4 c5 14. dxc6 Nxc6 15.
Ndxb5 Ra8 16. Rb1 Qb8 17. Be2 Rc8 18. O-O Ne5 19. a4 Nc4 20. Bxc4 Rxc4 21. Qd3
d5 22. Nxd5 Nxd5 23. Qxd5 Be6 24. Qd1 Be5 25. f4 Bg7 26. f5 gxf5 27. exf5 Qe5
28. Bc5 Bxf5 29. Qf3 Rxc5 30. bxc5 Be4 31. Qxf7+ Kh8 32. Rbd1 Qxc5+ 33. Qf2 Qg5
34. Nc7 Rg8 35. Ne6 Qh6 36. Nxg7 Qxg7 37. g3 Ba8 38. Rfe1 e5 39. Rf1 Rc8 40.
Qf6 Qxf6 41. Rxf6 Kg7 42. Rb6 1-0

[Event "Lloyds Bank Masters 15th"]
[Site "London"]
[Date "1991.08.24"]
[Round "8"]
[White "Pein, Malcolm"]
[Black "Vaisser, Anatoly"]
[Result "1/2-1/2"]
[WhiteElo "2440"]
[BlackElo "2565"]
[PlyCount "96"]
[EventDate "1991.08.17"]
[EventType "swiss"]
[EventRounds "10"]
[EventCountry "ENG"]
[SourceTitle "BritBase"]
[Source "John Saunders"]
[SourceDate "2023.06.27"]
[SourceVersion "1"]
[SourceVersionDate "2023.06.27"]
[SourceQuality "1"]

1. d4 e6 2. e4 d5 3. Nc3 Nf6 4. Bg5 Bb4 5. exd5 Qxd5 6. Bxf6 Bxc3+ 7. bxc3 gxf6
8. Qg4 Nd7 9. Bd3 Kf8 10. Ne2 c5 11. O-O h5 12. Qf4 e5 13. Qe3 cxd4 14. cxd4
exd4 15. Nxd4 Qe5 16. Rab1 Nc5 17. Rb5 b6 18. Re1 Bd7 19. Rbb1 Re8 20. Bb5 Qxe3
21. Rxe3 Rxe3 22. fxe3 Be6 23. a4 Kg7 24. Bc6 Bd7 25. Bxd7 Nxd7 26. a5 bxa5 27.
Ra1 Ne5 28. Rxa5 Ra8 29. Ra6 Kg6 30. h3 Nc4 31. Kf2 Re8 32. Rxa7 Nxe3 33. Kf3
Nc4 34. Rc7 Nd2+ 35. Kf2 Ne4+ 36. Kf3 Ng5+ 37. Kf2 Rd8 38. Ne2 Ne6 39. Rc4 f5
40. h4 f4 41. Kf3 Rd2 42. Rc6 Kf5 43. Ra6 Rd5 44. Ra4 Rd1 45. Ra5+ Kf6 46. Rxh5
Rf1+ 47. Ke4 Re1 48. Kf3 Rf1+ 1/2-1/2

[Event "Lloyds Bank Masters 15th"]
[Site "London"]
[Date "1991.08.24"]
[Round "8"]
[White "Rind, Bruce"]
[Black "Hassabis, Demis"]
[Result "1-0"]
[WhiteElo "2390"]
[BlackElo "2285"]
[PlyCount "93"]
[EventDate "1991.08.17"]
[EventType "swiss"]
[EventRounds "10"]
[EventCountry "ENG"]
[SourceTitle "BritBase"]
[Source "John Saunders"]
[SourceDate "2023.06.27"]
[SourceVersion "1"]
[SourceVersionDate "2023.06.27"]
[SourceQuality "1"]

1. c4 e5 2. Nc3 f5 3. g3 Nf6 4. Bg2 Bb4 5. Qb3 Na6 6. Nf3 d6 7. O-O Bxc3 8.
Qxc3 Nc5 9. d4 exd4 10. Nxd4 O-O 11. Qc2 Nfe4 12. b4 Na6 13. a3 c5 14. Nxf5
Bxf5 15. Bxe4 Qf6 16. Bxf5 Qxf5 17. Qxf5 Rxf5 18. b5 Nc7 19. Bf4 Re8 20. Bxd6
Na8 21. e4 Rxe4 22. Rfe1 Rxe1+ 23. Rxe1 Nb6 24. Re8+ Kf7 25. Re7+ Kg6 26. Rxb7
Nxc4 27. Bb8 Nxa3 28. Bxa7 c4 29. b6 Nb5 30. Re7 Nxa7 31. bxa7 Ra5 32. Kf1 c3
33. Ke2 c2 34. Kd2 Ra2 35. Kc1 Kf6 36. Rc7 Kg6 37. f4 h6 38. Rb7 Kf6 39. Rc7
Kg6 40. Rb7 Kf6 41. g4 g6 42. h4 h5 43. g5+ Kf5 44. Rf7+ Ke4 45. Kd2 Kd5 46. f5
gxf5 47. g6 1-0

[Event "Lloyds Bank Masters 15th"]
[Site "London"]
[Date "1991.08.24"]
[Round "8"]
[White "Rogers, Ian"]
[Black "Ginsburg, Mark"]
[Result "1-0"]
[WhiteElo "2565"]
[BlackElo "2410"]
[PlyCount "67"]
[EventDate "1991.08.17"]
[EventType "swiss"]
[EventRounds "10"]
[EventCountry "ENG"]
[SourceTitle "BritBase"]
[Source "John Saunders"]
[SourceDate "2023.06.27"]
[SourceVersion "1"]
[SourceVersionDate "2023.06.27"]
[SourceQuality "1"]

1. e4 c5 2. Nf3 e6 3. d4 cxd4 4. Nxd4 a6 5. Bd3 Nf6 6. O-O d6 7. c4 Be7 8. Nc3
O-O 9. b3 Bd7 10. Bb2 Nc6 11. Nc2 Ne5 12. Be2 Bc6 13. f4 Ng6 14. Bd3 d5 15.
cxd5 exd5 16. e5 Bc5+ 17. Kh1 Ne4 18. Qe2 Qh4 19. Bxe4 dxe4 20. Nxe4 Bb5 21.
Qf3 Bxf1 22. Rxf1 Qe7 23. f5 Nxe5 24. Qc3 f6 25. Nxc5 Rfd8 26. Nd4 Rac8 27. b4
Qf7 28. Nde6 Rd3 29. Qc2 Re3 30. Bd4 Ra3 31. Bxe5 fxe5 32. Qb2 Re3 33. Qd2 Ra3
34. Ne4 1-0

[Event "Lloyds Bank Masters 15th"]
[Site "London"]
[Date "1991.08.24"]
[Round "8"]
[White "Rossiter, Philip J"]
[Black "Berry, Stephen H"]
[Result "0-1"]
[WhiteElo "2320"]
[BlackElo "2225"]
[PlyCount "92"]
[EventDate "1991.08.17"]
[EventType "swiss"]
[EventRounds "10"]
[EventCountry "ENG"]
[SourceTitle "BritBase"]
[Source "John Saunders"]
[SourceDate "2023.06.27"]
[SourceVersion "1"]
[SourceVersionDate "2023.06.27"]
[SourceQuality "1"]

1. d4 Nf6 2. c4 e6 3. Nc3 Bb4 4. e3 O-O 5. Nge2 d5 6. a3 Be7 7. cxd5 Nxd5 8. g3
b6 9. Bg2 Bb7 10. e4 Nxc3 11. bxc3 c5 12. O-O cxd4 13. cxd4 Nc6 14. Bf4 Ba6 15.
Re1 e5 16. d5 exf4 17. dxc6 fxg3 18. Nxg3 Bc5 19. Qa4 Qf6 20. Qxa6 Bxf2+ 21.
Kh1 Bxe1 22. Rxe1 Qxc6 23. Nf5 Qc2 24. Qb5 Qc5 25. Qb2 f6 26. Rc1 Qe5 27. Qxe5
fxe5 28. Bh3 g6 29. Nd6 Rad8 30. Nc4 Rd4 31. Be6+ Kg7 32. Re1 Rf4 33. Bd5 Rxd5
34. exd5 Rxc4 35. Rxe5 Rc7 36. Kg2 Kf6 37. Re6+ Kf7 38. Kf3 Rd7 39. Re5 Re7 40.
Rg5 Re1 41. h4 Kf6 42. Rg2 Ke5 43. Rc2 Ra1 44. Rc7 Rxa3+ 45. Kf2 Kxd5 46. Rxh7
Ke5 0-1

[Event "Lloyds Bank Masters 15th"]
[Site "London"]
[Date "1991.08.24"]
[Round "8"]
[White "Stisis, Yaacov"]
[Black "McDonald, Neil R"]
[Result "0-1"]
[WhiteElo "2390"]
[BlackElo "2280"]
[PlyCount "92"]
[EventDate "1991.08.17"]
[EventType "swiss"]
[EventRounds "10"]
[EventCountry "ENG"]
[SourceTitle "BritBase"]
[Source "John Saunders"]
[SourceDate "2023.06.27"]
[SourceVersion "1"]
[SourceVersionDate "2023.06.27"]
[SourceQuality "1"]

1. e4 e6 2. d4 d5 3. Nc3 Bb4 4. e5 c5 5. a3 Bxc3+ 6. bxc3 Ne7 7. Qg4 Kf8 8. Bd3
Qa5 9. Bd2 Qa4 10. Ra2 b6 11. Nf3 Ba6 12. Bxa6 Qxa6 13. Qf4 h6 14. g4 Nbc6 15.
Rg1 Rc8 16. Rg3 Ke8 17. Qe3 h5 18. Rh3 Kd7 19. gxh5 Nf5 20. Qd3 Qxd3 21. cxd3
cxd4 22. Rc2 dxc3 23. Rxc3 Ncd4 24. Nxd4 Nxd4 25. Rxc8 Kxc8 26. h6 gxh6 27.
Rxh6 Nf3+ 28. Ke2 Rxh6 29. Bxh6 Nxe5 30. Bg7 Nd7 31. Kf3 Kd8 32. Bc3 Ke7 33.
Kf4 f6 34. Bb4+ Kf7 35. Ke3 Ne5 36. Bd6 Nc6 37. Kd2 b5 38. Kc3 Kg6 39. Kd2 Kf5
40. Ke3 a5 41. Kd2 Kg4 42. Kc3 e5 43. Bc7 a4 44. Bd6 Kh3 45. f4 e4 46. Kd2 f5 {
This game is given in the bulletin as McDonald 0-1 Stisis and that is
consistent with the likely result of the final position BUT the crosstable in
the bulletin (which doesn't include details of colour) gives the result in
favour of McDonald. Note also that McDonald was white in round 7. Perhaps the
strongest argument is that McDonald is a known French defence player whereas I
couldn't find a single French Defence played by Stisis on the database. For
these reasons I am assuming that the colours are given wrongly in the bulletin
and that this game was Stisis 0-1 McDonald (John Saunders, 12 July 2021)} 0-1

[Event "Lloyds Bank Masters 15th"]
[Site "London"]
[Date "1991.08.24"]
[Round "8"]
[White "Szekely, Peter"]
[Black "Hodgson, Julian M"]
[Result "1/2-1/2"]
[WhiteElo "2450"]
[BlackElo "2570"]
[PlyCount "39"]
[EventDate "1991.08.17"]
[EventType "swiss"]
[EventRounds "10"]
[EventCountry "ENG"]
[SourceTitle "BritBase"]
[Source "John Saunders"]
[SourceDate "2023.06.27"]
[SourceVersion "1"]
[SourceVersionDate "2023.06.27"]
[SourceQuality "1"]

1. d4 Nf6 2. Nf3 c5 3. g3 Qa5+ 4. Nbd2 cxd4 5. Nxd4 h5 6. N4b3 Qb6 7. Nf3 Ng4
8. e3 Nc6 9. Bg2 g6 10. h3 Nf6 11. O-O Bg7 12. Nbd4 d6 13. c4 Qc5 14. b3 h4 15.
Nxc6 bxc6 16. Nd4 Bd7 17. g4 Rc8 18. Bb2 Qb6 19. Rb1 O-O 20. Nf3 1/2-1/2

[Event "Lloyds Bank Masters 15th"]
[Site "London"]
[Date "1991.08.24"]
[Round "8"]
[White "Ward, Christopher G"]
[Black "Murshed, Niaz"]
[Result "0-1"]
[WhiteElo "2435"]
[BlackElo "2510"]
[PlyCount "136"]
[EventDate "1991.08.17"]
[EventType "swiss"]
[EventRounds "10"]
[EventCountry "ENG"]
[SourceTitle "BritBase"]
[Source "John Saunders"]
[SourceDate "2023.06.27"]
[SourceVersion "1"]
[SourceVersionDate "2023.06.27"]
[SourceQuality "1"]

1. c4 Nf6 2. Nc3 e6 3. d4 d5 4. cxd5 exd5 5. Bg5 c6 6. e3 Bf5 7. Qb3 Qb6 8.
Bxf6 gxf6 9. Nge2 Na6 10. Qxb6 axb6 11. Ng3 Bg6 12. Be2 b5 13. O-O h5 14. Rfd1
h4 15. Nf1 b4 16. Nb1 Nc7 17. Nbd2 Bd6 18. Nb3 Ke7 19. h3 Ra7 20. Bd3 Rha8 21.
Nc1 b6 22. Nd2 Bxd3 23. Nxd3 c5 24. Nf3 Rxa2 25. Rxa2 Rxa2 26. dxc5 bxc5 27.
Rb1 c4 28. Nc1 Ra8 29. Nxh4 Ke6 30. Ne2 Nb5 31. Nf3 Bc5 32. Rd1 Bd6 33. e4 Ra2
34. exd5+ Kd7 35. Rb1 c3 36. bxc3 Rxe2 37. cxb4 Nc3 38. Ra1 Nxd5 39. Ra7+ Nc7
40. g3 Bxb4 41. Nd4 Re1+ 42. Kg2 Bc5 43. Ra4 Bxd4 44. Rxd4+ Ke6 45. h4 Re5 46.
Ra4 Rc5 47. g4 Ke7 48. Kg3 Kf8 49. Rb4 Kg7 50. Rb6 Ne6 51. f3 f5 52. Rd6 fxg4
53. fxg4 Rc3+ 54. Kg2 Nf8 55. Ra6 Ng6 56. h5 Nf4+ 57. Kf2 Nh3+ 58. Kg2 Ng5 59.
Kh2 Ne4 60. Ra4 Re3 61. Rb4 Nf6 62. Rf4 Nh7 63. Kg2 Ng5 64. Rf5 f6 65. Rf4 Ne4
66. Kh2 Kh6 67. Rf5 Re2+ 68. Kh3 Rf2 0-1

[Event "Lloyds Bank Masters 15th"]
[Site "London"]
[Date "1991.08.24"]
[Round "8"]
[White "Chandler, Murray G"]
[Black "Harley, Andrew D"]
[Result "1-0"]
[WhiteElo "2605"]
[BlackElo "2270"]
[PlyCount "101"]
[EventDate "1991.08.17"]
[EventType "swiss"]
[EventRounds "10"]
[EventCountry "ENG"]
[SourceTitle "BritBase"]
[Source "John Saunders"]
[SourceDate "2023.06.27"]
[SourceVersion "1"]
[SourceVersionDate "2023.06.27"]
[SourceQuality "1"]

1. e4 e6 2. d4 d5 3. Nc3 Bb4 4. e5 c5 5. a3 Bxc3+ 6. bxc3 Ne7 7. Nf3 b6 8. Bb5+
Bd7 9. Bd3 c4 10. Bf1 Ba4 11. g3 Nbc6 12. h4 h6 13. Bh3 Kd7 14. Nh2 Qg8 15. Nf1
Kc7 16. Ne3 Rf8 17. O-O Kb7 18. Kh2 Nd8 19. Rb1 Ndc6 20. Rb2 f5 21. exf6 gxf6
22. Bg2 Nc8 23. Re1 Nd6 24. Qf3 h5 25. Qf4 e5 26. Qf3 e4 27. Qf4 Nb5 28. Bd2
Qf7 29. Reb1 Nc7 30. Nf5 Ka8 31. f3 Ne6 32. Qe3 exf3 33. Qxf3 Rd8 34. Rf1 Rhf8
35. Rf2 Qg6 36. Ne3 Ne7 37. Nf5 Nc6 38. Bh3 Nc7 39. Ne3 Ne7 40. Rb4 Bc6 41. Rb1
Ne8 42. Nf5 Nc8 43. Bf4 Ned6 44. Bxd6 Nxd6 45. Nxd6 Rxd6 46. Re1 Re8 47. Rxe8+
Bxe8 48. Qf4 Rc6 49. Bg2 Bf7 50. Re2 Qg8 51. Re7 1-0

[Event "Lloyds Bank Masters 15th"]
[Site "London"]
[Date "1991.08.25"]
[Round "9"]
[White "Barua, Dibyendu"]
[Black "Lev, Ronen"]
[Result "1/2-1/2"]
[WhiteElo "2550"]
[BlackElo "2425"]
[PlyCount "20"]
[EventDate "1991.08.17"]
[EventType "swiss"]
[EventRounds "10"]
[EventCountry "ENG"]
[SourceTitle "BritBase"]
[Source "John Saunders"]
[SourceDate "2023.06.27"]
[SourceVersion "1"]
[SourceVersionDate "2023.06.27"]
[SourceQuality "1"]

1. e4 e5 2. Nf3 Nc6 3. Bc4 Bc5 4. Qe2 d6 5. c3 Nf6 6. d3 O-O 7. b4 Bb6 8. Bg5
h6 9. Bh4 Qe7 10. Nbd2 Nd8 1/2-1/2

[Event "Lloyds Bank Masters 15th"]
[Site "London"]
[Date "1991.08.25"]
[Round "9"]
[White "Basart, Josep Maria"]
[Black "Anagnostopoulos, Dimitrios"]
[Result "1/2-1/2"]
[WhiteElo "2205"]
[BlackElo "2395"]
[PlyCount "54"]
[EventDate "1991.08.17"]
[EventType "swiss"]
[EventRounds "10"]
[EventCountry "ENG"]
[SourceTitle "BritBase"]
[Source "John Saunders"]
[SourceDate "2023.06.27"]
[SourceVersion "1"]
[SourceVersionDate "2023.06.27"]
[SourceQuality "1"]

1. d4 Nf6 2. c4 g6 3. Nc3 Bg7 4. g3 O-O 5. Bg2 d6 6. Nf3 Nc6 7. d5 Na5 8. Nd2
c5 9. O-O a6 10. Qc2 Rb8 11. b3 b5 12. Bb2 Bh6 13. f4 bxc4 14. bxc4 e5 15. Rae1
exf4 16. gxf4 Bg7 17. Nd1 Rxb2 18. Nxb2 Ng4 19. Nd1 Re8 20. e3 Bf5 21. e4 Bd4+
22. Kh1 Nxh2 23. exf5 Rxe1 24. Rxe1 Qh4 25. Re8+ Kg7 26. Nf2 Qxf2 27. Kxh2 Qh4+
1/2-1/2

[Event "Lloyds Bank Masters 15th"]
[Site "London"]
[Date "1991.08.25"]
[Round "9"]
[White "Davies, Nigel Rodney"]
[Black "Mannion, Stephen R"]
[Result "1/2-1/2"]
[WhiteElo "2455"]
[BlackElo "2345"]
[PlyCount "121"]
[EventDate "1991.08.17"]
[EventType "swiss"]
[EventRounds "10"]
[EventCountry "ENG"]
[SourceTitle "BritBase"]
[Source "John Saunders"]
[SourceDate "2023.06.27"]
[SourceVersion "1"]
[SourceVersionDate "2023.06.27"]
[SourceQuality "1"]

1. c4 Nf6 2. g3 e6 3. Bg2 d5 4. Nf3 Be7 5. O-O O-O 6. d4 c6 7. Qb3 b6 8. Bg5
Bb7 9. Nc3 dxc4 10. Qxc4 Nd5 11. Bxe7 Qxe7 12. Rfe1 Nd7 13. Nxd5 cxd5 14. Qc7
Ba6 15. Ne5 Bb5 16. Rec1 Qe8 17. Nxd7 Qxd7 18. Qxd7 Bxd7 19. Rc7 Bb5 20. e3
Rfc8 21. Rac1 Rxc7 22. Rxc7 Kf8 23. Bf1 Bxf1 24. Kxf1 a6 25. Ke2 Ke8 26. Rb7 b5
27. Kd3 h5 28. b3 g6 29. h4 Kf8 30. f3 Ke8 31. e4 Rc8 32. exd5 exd5 33. Rb6 Kd7
34. Rxa6 b4 35. Ke3 Rc2 36. Ra4 Ke6 37. Kf4 f6 38. Rxb4 Rxa2 39. Rb6+ Ke7 40.
Rb7+ Ke6 41. b4 Rd2 42. Ke3 Rb2 43. b5 Rb3+ 44. Ke2 g5 45. hxg5 fxg5 46. b6 g4
47. fxg4 hxg4 48. Kf2 Rf3+ 49. Kg2 Rb3 50. Rg7 Rb2+ 51. Kf1 Kf6 52. Rh7 Kf5 53.
Re7 Rxb6 54. Re5+ Kf6 55. Rxd5 Rb3 56. Kf2 Rf3+ 57. Kg2 Rd3 58. Rd8 Ke7 59. Rd5
Kf6 60. Rd8 Ke7 61. Rd5 1/2-1/2

[Event "Lloyds Bank Masters 15th"]
[Site "London"]
[Date "1991.08.25"]
[Round "9"]
[White "Ernst, Thomas"]
[Black "Crouch, Colin S"]
[Result "1/2-1/2"]
[WhiteElo "2525"]
[BlackElo "2365"]
[PlyCount "74"]
[EventDate "1991.08.17"]
[EventType "swiss"]
[EventRounds "10"]
[EventCountry "ENG"]
[SourceTitle "BritBase"]
[Source "John Saunders"]
[SourceDate "2023.06.27"]
[SourceVersion "1"]
[SourceVersionDate "2023.06.27"]
[SourceQuality "1"]

1. e4 e6 2. d4 d5 3. Nd2 Nf6 4. e5 Nfd7 5. Bd3 c5 6. c3 Nc6 7. Ne2 cxd4 8. cxd4
f6 9. exf6 Nxf6 10. O-O Bd6 11. Nf3 O-O 12. Bf4 Bxf4 13. Nxf4 Ng4 14. Qd2 Qf6
15. Nh5 Qh6 16. Qxh6 Nxh6 17. Ng3 a6 18. Rad1 Bd7 19. Rfe1 Nf7 20. Ne2 Nd6 21.
Nc3 Rae8 22. Ne5 Nxe5 23. Rxe5 g6 24. g3 b5 25. b3 Rf3 26. Kg2 Ref8 27. Rd2 Nc4
28. bxc4 dxc4 29. Bxc4 bxc4 30. Re3 Bc6 31. Kg1 Rxe3 32. fxe3 Rf3 33. Re2 Kg7
34. Re1 h5 35. Nd1 Rf5 36. Nc3 Rf3 37. Nd1 Rf5 1/2-1/2

[Event "Lloyds Bank Masters 15th"]
[Site "London"]
[Date "1991.08.25"]
[Round "9"]
[White "Hodgson, Julian M"]
[Black "Pein, Malcolm"]
[Result "1/2-1/2"]
[WhiteElo "2570"]
[BlackElo "2440"]
[PlyCount "87"]
[EventDate "1991.08.17"]
[EventType "swiss"]
[EventRounds "10"]
[EventCountry "ENG"]
[SourceTitle "BritBase"]
[Source "John Saunders"]
[SourceDate "2023.06.27"]
[SourceVersion "1"]
[SourceVersionDate "2023.06.27"]
[SourceQuality "1"]

1. d4 f5 2. h4 e6 3. Bg5 Be7 4. Nf3 Nf6 5. Nbd2 Ne4 6. Bxe7 Qxe7 7. e3 b6 8.
Nxe4 fxe4 9. Nd2 d5 10. c3 O-O 11. f3 exf3 12. gxf3 e5 13. Qb3 Bb7 14. O-O-O a5
15. Bd3 a4 16. Qc2 h6 17. Rdg1 a3 18. b3 Nd7 19. Bf5 Nf6 20. Rg6 exd4 21. exd4
Rf7 22. Rhg1 Re8 23. Qd3 Qe3 24. Qxe3 Rxe3 25. Kc2 Kf8 26. R6g2 Rfe7 27. Bd3
Bc8 28. c4 c6 29. f4 b5 30. Rg3 b4 31. Nf1 Re1 32. Nd2 Nh5 33. Rg6 Rxg1 34.
Rxg1 Nxf4 35. Nf3 Re3 36. Ne5 Rxd3 37. Nxd3 Bf5 38. Kd2 Nxd3 39. cxd5 cxd5 40.
Rf1 g6 41. Rxf5+ gxf5 42. Kxd3 Kf7 43. Ke3 Kg6 44. Kf4 1/2-1/2

[Event "Lloyds Bank Masters 15th"]
[Site "London"]
[Date "1991.08.25"]
[Round "9"]
[White "Kengis, Edvins"]
[Black "Shirov, Alexei"]
[Result "1/2-1/2"]
[WhiteElo "2575"]
[BlackElo "2610"]
[PlyCount "21"]
[EventDate "1991.08.17"]
[EventType "swiss"]
[EventRounds "10"]
[EventCountry "ENG"]
[SourceTitle "BritBase"]
[Source "John Saunders"]
[SourceDate "2023.06.27"]
[SourceVersion "1"]
[SourceVersionDate "2023.06.27"]
[SourceQuality "1"]

1. Nf3 Nf6 2. d4 d5 3. c4 c6 4. cxd5 cxd5 5. Nc3 Nc6 6. Bf4 a6 7. e3 Bg4 8. Qb3
Bxf3 9. gxf3 Na5 10. Qa4+ Nc6 11. Qb3 1/2-1/2

[Event "Lloyds Bank Masters 15th"]
[Site "London"]
[Date "1991.08.25"]
[Round "9"]
[White "Martinovsky, Eugene Simeon"]
[Black "Gurevich, Ilya"]
[Result "0-1"]
[WhiteElo "2375"]
[BlackElo "2495"]
[PlyCount "76"]
[EventDate "1991.08.17"]
[EventType "swiss"]
[EventRounds "10"]
[EventCountry "ENG"]
[SourceTitle "BritBase"]
[Source "John Saunders"]
[SourceDate "2023.06.27"]
[SourceVersion "1"]
[SourceVersionDate "2023.06.27"]
[SourceQuality "1"]

1. d4 g6 2. Nf3 Bg7 3. e3 Nf6 4. c4 O-O 5. Nc3 d5 6. cxd5 Nxd5 7. Bc4 Nxc3 8.
bxc3 c5 9. O-O Nc6 10. Qe2 Qa5 11. Bd2 Qc7 12. Rac1 e5 13. d5 Na5 14. e4 Nxc4
15. Qxc4 b6 16. Ne1 a5 17. Qe2 Qd7 18. c4 Qa4 19. f4 Qxa2 20. f5 a4 21. Rc2 Qb1
22. f6 Bh8 23. Bc3 a3 24. Ra2 Qb3 25. Bxe5 Re8 26. Nf3 Ba6 27. Rc1 Rxe5 28.
Nxe5 Bxf6 29. Nc6 Bb2 30. Rxb2 axb2 31. Rb1 Bxc4 32. Qxb2 Qe3+ 33. Qf2 Qc3 34.
h3 Re8 35. Qf4 Bd3 36. Rc1 Qb2 37. e5 Be4 38. Rd1 Qxg2# 0-1

[Event "Lloyds Bank Masters 15th"]
[Site "London"]
[Date "1991.08.25"]
[Round "9"]
[White "Norwood, David Robert"]
[Black "Canfell, Gregory"]
[Result "1-0"]
[WhiteElo "2500"]
[BlackElo "2355"]
[PlyCount "103"]
[EventDate "1991.08.17"]
[EventType "swiss"]
[EventRounds "10"]
[EventCountry "ENG"]
[SourceTitle "BritBase"]
[Source "John Saunders"]
[SourceDate "2023.06.27"]
[SourceVersion "1"]
[SourceVersionDate "2023.06.27"]
[SourceQuality "1"]

1. g3 e5 2. Bg2 Nc6 3. c4 g6 4. Nc3 Bg7 5. Nf3 d6 6. d3 f5 7. O-O Nf6 8. Bd2
O-O 9. Rb1 h6 10. b4 g5 11. b5 Ne7 12. a4 Be6 13. a5 f4 14. Ne1 Rb8 15. Nc2 Qd7
16. Nb4 Bh3 17. Nbd5 Ng6 18. f3 h5 19. Qc2 Bf5 20. a6 b6 21. Nb4 g4 22. Nbd5
fxg3 23. hxg3 h4 24. Nxf6+ Bxf6 25. fxg4 Bxg4 26. Nd5 Bg7 27. d4 Bh5 28. Qe4
hxg3 29. Bg5 exd4 30. Nf6+ Bxf6 31. Bxf6 Qg4 32. Qd5+ Rf7 33. Bf3 Qh3 34. Qxh5
Qh2+ 35. Qxh2 gxh2+ 36. Kxh2 Rxf6 37. Bd5+ Kg7 38. Rxf6 Kxf6 39. Rf1+ Ke5 40.
Rf7 Re8 41. Rxc7 Re7 42. Rb7 Kf6 43. Kg3 Ne5 44. Rb8 Nd7 45. Ra8 Rxe2 46. Rxa7
Ne5 47. Rh7 Re3+ 48. Kg2 Nd3 49. Rf7+ Kg6 50. a7 Re2+ 51. Kg3 Ra2 52. Rd7 1-0